Normal view
MARC view
- محمد، جمال هداش، م مشارك ليلى عبد الكريم محمد
Entry Personal Name
001 - CONTROL NUMBER
- control field: 64207
003 - CONTROL NUMBER IDENTIFIER
- control field: JO-AjAnu
005 - DATE AND TIME OF LATEST TRANSACTION
- control field: 20230606084457.0
008 - FIXED-LENGTH DATA ELEMENTS
- fixed length control field: 230606|| aca||aabn | a|a d
040 ## - CATALOGING SOURCE
- Original cataloging agency: JO-AjAnu
- Transcribing agency: JO-AjAnu
100 ## - HEADING--PERSONAL NAME
- Personal name: محمد، جمال هداش، م مشارك ليلى عبد الكريم محمد
670 ## - SOURCE DATA FOUND
- Source citation: Work cat.: (JO-AjAnu)32735: محمد، جمال هداش، م مشارك ليلى عبد الكريم محمد, author, نظم المعلومات المالية والمصرفية